<?xml version="1.0" encoding="UTF-8"?>
<record
    xmlns:xsi="http://www.w3.org/2001/XMLSchema-instance"
    xsi:schemaLocation="http://www.loc.gov/MARC21/slim http://www.loc.gov/standards/marcxml/schema/MARC21slim.xsd"
    xmlns="http://www.loc.gov/MARC21/slim">

  <leader>01420nam a22001817a 4500</leader>
  <controlfield tag="008">140905b        xxu||||| |||| 00| 0 eng d</controlfield>
  <datafield tag="020" ind1=" " ind2=" ">
    <subfield code="a">9781405738125</subfield>
  </datafield>
  <datafield tag="050" ind1=" " ind2=" ">
    <subfield code="a">KD310.H34(5e vol.12)</subfield>
  </datafield>
  <datafield tag="245" ind1=" " ind2=" ">
    <subfield code="a">Halsbury's laws of England, vol.12 : Civil Procedure. /</subfield>
    <subfield code="c">edited by Lord Mackay.</subfield>
  </datafield>
  <datafield tag="250" ind1=" " ind2=" ">
    <subfield code="a">5th ed.</subfield>
  </datafield>
  <datafield tag="260" ind1=" " ind2=" ">
    <subfield code="a">London:</subfield>
    <subfield code="b">Lexis Nexis,</subfield>
    <subfield code="c">2009.</subfield>
  </datafield>
  <datafield tag="300" ind1=" " ind2=" ">
    <subfield code="a">713p. :</subfield>
    <subfield code="c">26cm.</subfield>
  </datafield>
  <datafield tag="440" ind1=" " ind2=" ">
    <subfield code="p">Civil procedure.</subfield>
    <subfield code="v">Vol.12</subfield>
  </datafield>
  <datafield tag="500" ind1=" " ind2=" ">
    <subfield code="a">Includes index.</subfield>
  </datafield>
  <datafield tag="505" ind1=" " ind2=" ">
    <subfield code="a">Contents: How to use Halsbury's Law of England -- References and abbreviations -- Table of statutes -- Table of statutory Instruments -- Table of civil procedure -- Table of European community Legislation -- Table of conventions etc --  Table of cases -- Introduction -- Framework of civil procedure -- Orgainsation and administration of civil courts -- Pre- commencement procedures -- Commencement of proceedings -- Service of documents -- Responding to a claim -- Parties -- Case management -- Applications -- Interim remedies -- Injunctions -- Disposal of proceedings without trial -- Disclosure of documents -- Pleading and statements of case -- Set- off -- Discontinuance -- Offers to settle and payments into court -- Security for costs -- Evidence -- The Trial Process -- Judgements and orders -- Enforcement of judgement and orders  -- Miscellaneous proceedings -- Appeals and references -- Costs. </subfield>
  </datafield>
  <datafield tag="700" ind1=" " ind2=" ">
    <subfield code="a">Mackay, Lord.</subfield>
  </datafield>
  <datafield tag="942" ind1=" " ind2=" ">
    <subfield code="2">lcc</subfield>
    <subfield code="c">BK</subfield>
  </datafield>
  <datafield tag="999" ind1=" " ind2=" ">
    <subfield code="c">5249</subfield>
    <subfield code="d">12749</subfield>
  </datafield>
  <datafield tag="952" ind1=" " ind2=" ">
    <subfield code="0">0</subfield>
    <subfield code="1">0</subfield>
    <subfield code="2">lcc</subfield>
    <subfield code="4">0</subfield>
    <subfield code="7">0</subfield>
    <subfield code="a">WIUC-1</subfield>
    <subfield code="b">WIUC-1</subfield>
    <subfield code="c">LL</subfield>
    <subfield code="d">2014-10-09</subfield>
    <subfield code="l">0</subfield>
    <subfield code="o">KD310.H34(5e vol. 12)</subfield>
    <subfield code="p">1091/79/14</subfield>
    <subfield code="r">2014-10-09 00:00:00</subfield>
    <subfield code="t">1</subfield>
    <subfield code="w">2014-10-09</subfield>
    <subfield code="y">BK</subfield>
  </datafield>
</record>
